| 000 | 00667nam a2200229 i 4500 | ||
|---|---|---|---|
| 001 | bgj | ||
| 100 | 1 | _aALASUUTARI, Pertti | |
| 245 | 1 | 0 |
_aResearching Culture : _bqualitative method and cultural studies / _cPertti Alasuutari. |
| 250 | _a[Repr.]. | ||
| 260 |
_aLondon [etc.] : _bSage Publications, _c1996. |
||
| 300 |
_aVII, 208 pp : _bfig. ; _c24 cm. |
||
| 500 | _a1st published in 1995. | ||
| 504 | _aReferences p. 193-200. | ||
| 505 | _aIncludes index. | ||
| 650 | 9 |
_aEthnology _xMethodology |
|
| 020 | _a0803978316 (pbk) | ||
| 040 | _cBPK | ||
| 041 | 0 | _aeng | |
| 920 | _a0-8039-7831-6 (pbk) | ||
| 942 | _cKS | ||
| 008 | s uk f |000 0 eng | ||
| 999 |
_c50164 _d50164 |
||
| 856 |
_uhttp://koha.tu.koszalin.pl/cgi-bin/koha/opac-detail.pl?biblionumber=50164 _yKatalog online BPK |
||